Evropská unie: v čem je problém?

Lisabonská zmluva a problematika ďalšej integrácie Európskej únie. Bezpečnostné otázky - tri potenciálne hrozby. Ekonomické otázky - dôvody pre integráciu Európskej únie. Nie je možné integrovať bez hodnôt.

Gespeichert in:
Bibliographische Detailangaben
1. Verfasser: Drápal, Dan
Format: Buchkapitel
Sprache:Tschechisch
Schlagworte:
Tags: Tag hinzufügen
Keine Tags, Fügen Sie das erste Tag hinzu!

MARC

LEADER 00000naa$a2200000$$$4500
001 0096509
005 20231016093732.7
041 0 |a cze 
044 |a CZ 
245 1 0 |a Evropská unie: v čem je problém?  |c Dan Drápal 
520 |a Lisabonská zmluva a problematika ďalšej integrácie Európskej únie. Bezpečnostné otázky - tri potenciálne hrozby. Ekonomické otázky - dôvody pre integráciu Európskej únie. Nie je možné integrovať bez hodnôt. 
610 2 0 |a Európska únia 
610 2 0 |a integrácia ekonomická medzinárodná 
610 2 0 |a spolupráca medzinárodná 
610 2 0 |a zmluvy medzinárodné 
610 2 0 |a bezpečnosť medzinárodná 
610 2 0 |a rozvoj hospodársky 
100 1 |a Drápal, Dan